000 00230nam a22001097a 4500
999 _c260834
_d260833
020 _a9780545297240
100 _aCynthia Willis
245 _aDog Gone
260 _aNew York
_bScholastic
_c2008
300 _a217 pgs.
942 _cBK